| 000 | 00492 a2200169 4500 | ||
|---|---|---|---|
| 005 | 20260310150037.0 | ||
| 008 | 260310b |||||||| |||| 00| 0 eng d | ||
| 020 | _a9780807059098 | ||
| 040 | _cSDCL | ||
| 041 |
_2eng _aeng |
||
| 084 | _aV2y7M69 N3 | ||
| 100 |
_aGandhi, Mohandas Karamchand (Mahatma) _91131559 |
||
| 245 |
_aGandhi : _bAn Autobiography - The Story of My Experiments With Truth |
||
| 260 |
_aBoston : _bBeacon Press, _c1993. |
||
| 300 | _axxix, 528p. | ||
| 942 |
_cTEXL _2CC |
||
| 999 |
_c1672520 _d1672520 |
||